| 000 | 00690nam a2200217 a 4500 | ||
|---|---|---|---|
| 005 | 20240924071205.0 | ||
| 008 | 991125s1981 mx 000 0 spa u | ||
| 020 | _a9688534056 | ||
| 035 | _aUPN01000041361 | ||
| 049 | _aCG | ||
| 050 | 4 |
_aBF723 I5 _bH4.68a |
|
| 100 | 1 | _aHeld, Jacqueline | |
| 245 | 1 | 4 |
_aLos niños y la literatura fantástica : _bfunción y poder de lo imaginario / _cJacqueline Held ; tr. María Teresa Bruocao. |
| 260 |
_aMéxico : _bPaidós Mexicana, _c1981. |
||
| 300 | _a188 p. | ||
| 440 | 0 |
_aPaidós educador ; _v80 |
|
| 650 | 4 |
_aImaginación en niños _912146 |
|
| 650 | 0 |
_aLiteratura fantástica _98755 |
|
| 650 | 4 |
_aLiteratura infantil _94445 |
|
| 905 | _aLibro | ||
| 999 |
_c41361 _d41361 |
||